New Synthetic Method and Antioxidant Activity of Betulin Diformate and Allobetulin Formate; Chemistry of Natural Compounds; Vol. 55, iss. 6

Detalles Bibliográficos
Parent link:Chemistry of Natural Compounds
Vol. 55, iss. 6.— 2019.— [P. 1094-1097]
Autores Corporativos: Национальный исследовательский Томский политехнический университет Инженерная школа природных ресурсов Отделение химической инженерии, Национальный исследовательский Томский политехнический университет Исследовательская школа химических и биомедицинских технологий
Otros Autores: Arrous S. Salah, Boudebouz I. Imene, Parunov I., Plotnikov E. V. Evgeny Vladimirovich, Voronova O. A. Olesya Aleksandrovna
Sumario:Title screen
A simple and effective method for formylation of betulin using formic acid and 3a,6a-diphenylthioglycoluril is reported. The yield of betulin diformate was 87%. Allobetulin formate (95%) was prepared by reacting betulin diformate with trifluoroacetic acid. The structures of betulin diformate and allobetulin formate were confirmed by IR and NMR spectroscopy. The antioxidant activity of the synthesized compounds was studied.
Режим доступа: по договору с организацией-держателем ресурса
Lenguaje:inglés
Publicado: 2019
Materias:
Acceso en línea:https://doi.org/10.1007/s10600-019-02902-5
Formato: Electrónico Capítulo de libro
KOHA link:https://koha.lib.tpu.ru/cgi-bin/koha/opac-detail.pl?biblionumber=663290

MARC

LEADER 00000naa0a2200000 4500
001 663290
005 20250429094402.0
035 |a (RuTPU)RU\TPU\network\34459 
035 |a RU\TPU\network\22757 
090 |a 663290 
100 |a 20210204d2019 k||y0rusy50 ba 
101 0 |a eng 
102 |a US 
135 |a drcn ---uucaa 
181 0 |a i  
182 0 |a b 
200 1 |a New Synthetic Method and Antioxidant Activity of Betulin Diformate and Allobetulin Formate  |f S. Arrous, I. Boudebouz, I. Parunov [et al.] 
203 |a Text  |c electronic 
300 |a Title screen 
320 |a [References: 16 tit.] 
330 |a A simple and effective method for formylation of betulin using formic acid and 3a,6a-diphenylthioglycoluril is reported. The yield of betulin diformate was 87%. Allobetulin formate (95%) was prepared by reacting betulin diformate with trifluoroacetic acid. The structures of betulin diformate and allobetulin formate were confirmed by IR and NMR spectroscopy. The antioxidant activity of the synthesized compounds was studied. 
333 |a Режим доступа: по договору с организацией-держателем ресурса 
461 |t Chemistry of Natural Compounds 
463 |t Vol. 55, iss. 6  |v [P. 1094-1097]  |d 2019 
610 1 |a электронный ресурс 
610 1 |a труды учёных ТПУ 
610 1 |a betulin 
610 1 |a formic acid 
610 1 |a thioglycoluril 
610 1 |a formylation 
610 1 |a betulin diformate 
610 1 |a allobetulin formate 
610 1 |a organic catalyst 
610 1 |a бетулин 
610 1 |a муравьиная кислота 
701 1 |a Arrous  |b S.  |g Salah 
701 1 |a Boudebouz  |b I.  |g Imene 
701 1 |a Parunov  |b I. 
701 1 |a Plotnikov  |b E. V.  |c chemist  |c Associate Professor of Tomsk Polytechnic University, Candidate of Chemical Sciences  |f 1983-  |g Evgeny Vladimirovich  |3 (RuTPU)RU\TPU\pers\32469  |9 16417 
701 1 |a Voronova  |b O. A.  |c chemist  |c Assistant of Tomsk Polytechnic University, Candidate of chemical sciences  |f 1979-  |g Olesya Aleksandrovna  |3 (RuTPU)RU\TPU\pers\32169  |9 16170 
712 0 2 |a Национальный исследовательский Томский политехнический университет  |b Инженерная школа природных ресурсов  |b Отделение химической инженерии  |3 (RuTPU)RU\TPU\col\23513 
712 0 2 |a Национальный исследовательский Томский политехнический университет  |b Исследовательская школа химических и биомедицинских технологий  |c (2017- )  |3 (RuTPU)RU\TPU\col\23537 
801 2 |a RU  |b 63413507  |c 20210204  |g RCR 
850 |a 63413507 
856 4 |u https://doi.org/10.1007/s10600-019-02902-5 
942 |c CF